The handmaid's tale / (Record no. 9588)

MARC details
000 -LEADER
fixed length control field 00908nam a22002537a 4500
001 - CONTROL NUMBER
control field 9588
003 - CONTROL NUMBER IDENTIFIER
control field FISKH
005 - DATE AND TIME OF LATEST TRANSACTION
control field 20260130112331.0
008 - FIXED-LENGTH DATA ELEMENTS--GENERAL INFORMATION
fixed length control field 260123b cb ||||| |||| 00| 0 eng d
020 ## - INTERNATIONAL STANDARD BOOK NUMBER
International Standard Book Number 9780099740919
040 ## - CATALOGING SOURCE
Original cataloging agency FISKH
Language of cataloging eng
Transcribing agency FISKH
Modifying agency FISKH
050 ## - LIBRARY OF CONGRESS CALL NUMBER
Classification number PR9199.3 .A8
082 ## - DEWEY DECIMAL CLASSIFICATION NUMBER
Classification number 813.54
100 ## - MAIN ENTRY--PERSONAL NAME
Personal name Atwood , Margarer
245 ## - TITLE STATEMENT
Title The handmaid's tale /
Remainder of title By Margaret Atwood
260 ## - PUBLICATION, DISTRIBUTION, ETC.
Place of publication, distribution, etc. Lodon :
Name of publisher, distributor, etc. Vintage ,
Date of publication, distribution, etc. 1985 .
300 ## - PHYSICAL DESCRIPTION
Extent 320 pages :
Other physical details illustrations ;
Dimensions 20 cm .
490 ## - SERIES STATEMENT
Series statement The Handmaid's Tale
Volume/sequential designation 1
520 ## - SUMMARY, ETC.
Summary, etc. This look at the near future presents the story of Offred, a Handmaid in the Republic of Gilead, once the United States, an oppressive world where women are no longer allowed to read and are valued only as long as they are viable for reproduction.
650 ## - SUBJECT ADDED ENTRY--TOPICAL TERM
Topical term or geographic name entry element Dystopian
Form subdivision Fiction
650 ## - SUBJECT ADDED ENTRY--TOPICAL TERM
Topical term or geographic name entry element Feminism
Form subdivision Fiction
942 ## - ADDED ENTRY ELEMENTS (KOHA)
Source of classification or shelving scheme Dewey Decimal Classification
Koha item type Books
Suppress in OPAC No
Holdings
Withdrawn status Lost status Source of classification or shelving scheme Damaged status Not for loan Collection Home library Current library Shelving location Date acquired Total Checkouts Full call number Barcode Date last seen Copy number Price effective from Koha item type Date due Date last checked out
    Dewey Decimal Classification     Fiction Footprints International School Library Network Toul Kork Campus Footprints International School Library Network Toul Kork Campus A TK Campus, 4th Floor, Room B401, Fiction Bookcases (1-6) 01/23/2026 2 ATW 813.54 PR9199.3 .A8 2026-0221 02/23/2026 2 01/30/2026 Books 03/09/2026 02/23/2026
    Dewey Decimal Classification     Fiction Footprints International School Library Network Toul Tom Poung Campus Footprints International School Library Network Toul Tom Poung Campus TTP Secondary Fiction Bookshelves 01/23/2026   ATW 813.54 PR9199.3 .A8 2026-0104 01/23/2026 1 01/23/2026 Books